000 00308nam a2200121Ia 4500
008 220120s9999||||xx |||||||||||||| ||und||
082 _a823 HIN
100 _aHinton, S.E
_911916
245 4 _aThe outsiders
260 _aPenguin books
_bNew Delhi
_c2007
300 _aXIV, 263p.
_b165
650 _aGENERAL BOOKS
999 _c137532
_d137532